¿Pueden las remesas comprar el futuro? Estudio realizado en el cantón San José La Labor, Municipio de San Sebastián, El Salvador /
El documento consiste en un estudio de la economía en relación con las migraciones y las remesas, así como el impacto de las mismas, la condición de vida, los patrones de consumo, calidad y cantidad de bienes y servicios que consumen los hogares y la distribución de los gastos de las familias.
Spremljeno u:
| Glavni autor: | |
|---|---|
| Daljnji autori: | , , |
| Format: | Tekst |
| Jezik: | Spanish |
| Izdano: |
FLACSO
2003.
|
| Teme: | |
| Oznake: |
Dodaj oznaku
Bez oznaka, Budi prvi tko označuje ovaj zapis!
|
MARC
| LEADER | 00000 a a2200000 04500 | ||
|---|---|---|---|
| 001 | 43451 | ||
| 003 | cru CIDCACS/IIS | ||
| 005 | 20230517120104.0 | ||
| 008 | 220301s2003 |||||||| |||| 00| 0 spa d | ||
| 020 | |a [sin ISBN] | ||
| 040 | |a Centro de Recursos para el Aprendizaje y la Investigación |b español |c cru IIS | ||
| 090 | |a 03.02.05 B456p | ||
| 100 | |a Benavides, Blanca Mirna | ||
| 245 | |a ¿Pueden las remesas comprar el futuro? |b Estudio realizado en el cantón San José La Labor, Municipio de San Sebastián, El Salvador / |c Blanca Mirna Benavides ; Xenia Ortiz ; Lillian Vega ; Claudia Marina Silva | ||
| 260 | |b FLACSO |c 2003. | ||
| 300 | |a 70 páginas | ||
| 500 | |a Colección Centroamérica | ||
| 520 | 3 | |a El documento consiste en un estudio de la economía en relación con las migraciones y las remesas, así como el impacto de las mismas, la condición de vida, los patrones de consumo, calidad y cantidad de bienes y servicios que consumen los hogares y la distribución de los gastos de las familias. | |
| 650 | |a REMESAS |0 TESAUROS | ||
| 650 | |a MIGRACION LABORAL |0 TESAUROS | ||
| 650 | |a INGRESO DE HOGARES |0 TESAUROS | ||
| 650 | |a ECONOMIA DEL BIENESTAR |0 TESAUROS | ||
| 650 | |a ESTRUCTURA DEL EMPLEO |0 TESAUROS | ||
| 650 | |a ALIVIO DE LA POBREZA |0 TESAUROS | ||
| 650 | |a CONSUMO DOMESTICO |0 TESAUROS | ||
| 650 | |a GASTOS FAMILIARES |0 TESAUROS | ||
| 650 | |a NECESIDADES BASICAS |0 TESAUROS | ||
| 650 | |a GASTOS FAMILIARES |0 TESAUROS | ||
| 650 | |a INGRESO DE HOGARES |0 TESAUROS | ||
| 650 | |a POBREZA |0 TESAUROS | ||
| 650 | |a INVERSION |0 TESAUROS | ||
| 700 | |a Ortiz, Xenia | ||
| 700 | |a Silva, Claudia Marina |9 10254 | ||
| 700 | |a Vega, Lilian |9 10255 | ||
| 852 | 1 | 1 | |a 03.02.05 B456p |
| 942 | |2 ddc |c LI |h 03.02.05 B456p |k 03.02.05 |m B456p |6 030205_B456P | ||
| 999 | |c 28180 |d 28180 | ||
